000 00704nam a2200265Ia 4500
003 OSt
005 20221007111432.0
006 a|||||r|||| 00| 0
007 ta
008 221006b |||||||| |||| 00| 0 eng d
024 _a23,505
037 _cTextual
040 _aLCO
_cLCO
_beng
041 _2eng
_aeng
082 _aZ2,3, L3
100 _aGlasgow
_9708317
245 0 _aLaw Students Companion
_b Commercial Law
260 _aLondon
_bButterworths UK
_c1973
300 _a154
650 _aCOMMERCIAL LAW
_9606110
700 _a Cracknell
_9708318
700 _a Grace
_9627579
942 _hZ2,3, L3
_cTEXL
999 _c1193068
_d1193068